01521nam a2200301 i 4500001000700000003000700007005001700014008004100031020002200072080002100094080001100115100002500126245031300151246007200464260006400536300003600600600004200636650003800678655004800716700004500764700004000809700004900849710004600898852011500944942000801059999001901067952013301086189249SpMaBN20251014063306.0190430s2017 sp a c |||| |dspa d a978-84-16978-23-6 a74 Max (083.824) a741.520 aMax, d1956-916694514aLas aventuras de Guillermo & Miguel y otros trampantojos literariosb: [Sala de Exposiciones de San José de los Caracciolos, Universidad de Alcalá, 20 abril-14 julio, 2017] / cMax ; [coordinación de exposición, Jesús Cañete Ochoa ; textos, Manuel Rodríguez Rivero, Antonio Fernández Ferrer].33aLas aventuras de Guillermo y Miguel y otros trampantojos literarios a[Alcalá de Henares] : bUniversidad de Alcalá, c[2017] a94 p. : bil. col. ; c19 x 27.07aMax, d1956- vExposiciones29166946 7aCómics-vExposiciones29166947 72tgfbne9193628aCatálogos de exposiciones1 aCañete Ochoa, Jesús, d1967-91574531 aRodríguez Rivero, Manuel.91408861 aFernández Ferrer, Antonio, d1952-91669482 aUniversidad de Alcalá de Henares.97135 aES-MaACLjA-145399196387bR.152114cDEPO1dOlim: N-7539 hDonacion: Editorialx Encuadernación en cartoné 2udc c189249d189249 00102udc4070aATENEOMbATENEOMcDEPO1d2019-04-30eDONACIONl0oA-14539p1200460r2023-02-23 00:00:00w2023-02-23yMONOGRAFIA